000 01984cam a22001934a 4500
005 20250605164225.0
008 250528s ||||||||||||||||||||||||d
035 _a20822
020 _a9789604520282
040 _aGR-AtMCL
_bgre
_dGR-AtMCL
_eAACR2
245 1 _aΟργάνωση Υπηρεσιών και Συστημάτων Υγείας.
_nΑ' Τόμος
260 _bΒήτα,
_c2007
300 _a280
520 _aΤο βιβλίο αυτό φιλοδοξεί να μας δώσει μία χρηστική αντίληψη για τη λειτουργία του τομέα της υγείας. Πρόλογος, Ευχαριστίες, Οργάνωση των Υπηρεσιών και των Συστημάτων Υγείας, Ο Τομέας της Υγείας και η Οργάνωση των Υπηρεσιών Υγείας, Η Κοινωνική Πολιτική και ο Τομέας της Υγείας, Η Έννοια της Υγείας και η Μέτρηση του Επίπέδου της Υγείας, Οργάνωση του Τομέα της Υγείας, Το Οικονομικό Περιβάλλον στον Τομέα της Υγειάς, Η Προσφορά Υπηρεσιών και η Παραγωγή της Υγείας, Παραγωγή της Υγείας, Εξωνοσοκομειακή Φροντίδα Υγείας, Φαρμακευτική Περίθαλψη, Υπηρεσίες Δημόσιας Υγείας και Πρόληψης, Οργάνωση των Μεταμοσχεύσεων,Ζήτηση για Υπηρεσίες Υγείας, Δαπάνες Υγείας, Ιδιωτική Ασφάλιση Υγείας, Απο τον Τομέα της Υγείας στο Ολοκληρωμένο Σύστημα Υγείας, Οριζόντια Θέματα Οργάνωσης Υπηρεσιών Υγείας.
700 1 _aΛιαρόπουλος Λυκούργος Λ
_96791
942 _cBK
999 _c5904
_d5904